Colonie agricole et pénitentiaire de Mettray fondée par MM. Demetz et de Courteiiles en 1839 (Record no. 153200)
[ view plain ]
| 000 -LEADER | |
|---|---|
| campo de control de longitud fija | 01499nam a2200253 i 4500 |
| 001 - NÚMERO DE CONTROL | |
| campo de control | 153200 |
| 003 - IDENTIFICADOR DE NÚMERO DE CONTROL | |
| campo de control | ES-MaACL |
| 005 - FECHA Y HORA DE LA ÚLTIMA TRANSACCIÓN | |
| campo de control | 20251003165202.0 |
| 008 - DATOS DE LONGITUD FIJA--INFORMACIÓN GENERAL | |
| campo de control de longitud fija | 050721q1874 fr |||| | fre d |
| 110 2# - ENTRADA PRINCIPAL--NOMBRE DE ENTIDAD CORPORATIVA | |
| Nombre de entidad corporativa o nombre de jurisdicción como elemento de entrada | Colonie agricole et pénitentiaire de Mettray. |
| 9 (RLIN) | 167004 |
| 245 10 - MENCIÓN DEL TÍTULO | |
| Título | Colonie agricole et pénitentiaire de Mettray fondée par MM. Demetz et de Courteiiles en 1839 |
| Resto del título | : Assemblée générale des fondateurs : trente-quatrième année. |
| 260 ## - PUBLICACIÓN, DISTRIBUCIÓN, ETC. | |
| Lugar de publicación, distribución, etc. | Paris : |
| Nombre del editor, distribuidor, etc. | au Bureau de l'Agence Générale, |
| Fecha de publicación, distribución, etc. | [1874] |
| 300 ## - DESCRIPCIÓN FÍSICA | |
| Extensión | 63, 29, 7 p. ; |
| Dimensiones | 21 cm. |
| 505 8# - NOTA DE CONTENIDO CON FORMATO | |
| Nota de contenido con formato | Contiene: Liste générale des membres fondateurs de la Colonie de Mettray depuis sa fondation (29 p.) - Colonie de Mettray: Dons en nature, 1839-1873 (7 p.) |
| 596 ## - NOTA AL PIE DE IMPRENTA | |
| NOTA AL PIE DE IMPRENTA | Según consta en el interior, la Asamblea tuvo lugar en 1873. |
| 650 #4 - PUNTO DE ACCESO ADICIONAL DE MATERIA--TÉRMINO DE MATERIA | |
| Término de materia o nombre geográfico como elemento de entrada | Reformatorios- |
| Subdivisión geográfica | Francia. |
| 9 (RLIN) | 167005 |
| 700 1# - ENTRADA AGREGADA--NOMBRE PERSONAL | |
| Nombre de persona | Demetz, Frédéric Auguste, |
| Fechas asociadas al nombre | 1796-1873 |
| 9 (RLIN) | 148483 |
| 852 ## - LOCALIZACIÓN | |
| Ubicación | ES-MaACL |
| Número de control de estantería | D-221(4-5) |
| Nota libre | - Enc. pasta española |
| -- | . - Donativo Lastres |
| -- | - Forma parte de la col. facticia: "Estudios penitenciarios" |
| itemnumber | 158769 |
| 852 1# - LOCALIZACIÓN | |
| Ubicación | BA |
| Número de control de estantería | D-237(5) |
| Sublocalización o colección | R.M.214/4 |
| Ubicación en estantería | Sala Valle Inclán |
| Signatura antigua | Olim: 193-F-11 |
| Marcas de propiedad | Sello en tinta en la portada de la primera obra: "Donativo del Sr. Lastres al Ateneo de Madrid 1907" |
| Donativo/Legado | Donación: Francisco Lastres y Juiz |
| Encuadernación | Encuadernado con otras obras formando un volumen facticio |
| itemnumber | 158768 |
| 903 ## - NOMBRE PERSONAL DE DONANTE | |
| a | Lastres y Juiz, Francisco, |
| d | 1848-1918 |
| q | 1 |
| e | Donante |
| 9 | 70504 |
| 942 ## - ELEMENTOS DE ENTRADA SECUNDARIOS (KOHA) | |
| Fuente del sistema de clasificación o colocación | Clasificación decimal universal |
| Tipo de ítem Koha | Folleto |
| Estatus retirado | Estado de pérdida | Fuente del sistema de clasificación o colocación | Estado de daño | No para préstamo | Colección | Biblioteca de origen | Biblioteca actual | Ubicación en estantería | Fecha de adquisición | Fuente de adquisición | Total de préstamos | Signatura topográfica completa | Código de barras | Visto por última vez | Precio de reemplazo | Tipo de ítem Koha |
|---|---|---|---|---|---|---|---|---|---|---|---|---|---|---|---|---|
| Clasificación decimal universal | Colección de folletos | Biblioteca del Ateneo de Madrid | Biblioteca del Ateneo de Madrid | Sala Valle Inclán | 08/07/2019 | Donación | D-237(5) | 901201008 | 23/02/2023 | 23/02/2023 | Folleto | |||||
| Clasificación decimal universal | Colección de folletos | Biblioteca del Ateneo de Madrid | Biblioteca del Ateneo de Madrid | Sala Valle Inclán | 17/01/2008 | D-221(4-5) | 901160081 | 23/02/2023 | 23/02/2023 | Folleto |
